[Event "SIB - CMS 52nd National Premier & Zone 3.7 Chess C"]
[Site "CMS College, Kottayam"]
[Date "2014.12.05"]
[Round "1"]
[Board "1"]
[White "Vidit, Santosh Gujrathi"]
[Black "Lalith, Babu M.R."]
[Result "1/2-1/2"]
[WhiteElo "2625"]
[BlackElo "2547"]
[PlyCount "76"]
[EventDate "2014.12.05"]
[EventRounds "13"]
[EventCountry "IND"]

1. d4 Nf6 2. c4 e6 3. Nf3 b6 4. e3 Bb7 5. Nc3 Bb4 6. Bd3 O-O 7. O-O c5 8. Na4
cxd4 9. exd4 Be7 10. Bf4 d6 11. Re1 Nbd7 12. Rc1 Rc8 13. Nc3 Re8 14. a3 Nf8 15.
b4 Ng6 16. Be3 Qc7 17. d5 Bf8 18. dxe6 fxe6 19. Nb5 Qd7 20. Bf1 Ng4 21. c5 Nxe3
22. Rxe3 bxc5 23. bxc5 Bd5 24. Nxd6 Bxd6 25. cxd6 Rxc1 26. Qxc1 Qxd6 27. Nd4
Qf4 28. Qd2 Qg5 29. Qa5 Nf4 30. Qxa7 Bxg2 31. Rg3 Qf6 32. Bxg2 Qxd4 33. Qxd4
Ne2+ 34. Kf1 Nxd4 35. Rd3 e5 36. Bd5+ Kf8 37. Re3 Rb8 38. Kg2 Rb5 1/2-1/2

[Event "SIB - CMS 52nd National Premier & Zone 3.7 Chess C"]
[Site "CMS College, Kottayam"]
[Date "2014.12.05"]
[Round "1"]
[Board "2"]
[White "Rajesh, V A V"]
[Black "Girinath, P.D.S."]
[Result "1-0"]
[WhiteElo "2408"]
[BlackElo "2333"]
[PlyCount "103"]
[EventDate "2014.12.05"]
[EventRounds "13"]
[EventCountry "IND"]

1. d4 Nf6 2. c4 c5 3. d5 e6 4. Nc3 exd5 5. cxd5 d6 6. Nf3 g6 7. Bf4 a6 8. a4
Bg7 9. h3 O-O 10. e3 Qe7 11. Nd2 Nbd7 12. Nc4 Ne8 13. a5 Ne5 14. Bxe5 Bxe5 15.
Be2 f5 16. O-O Bd7 17. Na4 Bg7 18. Nab6 Rd8 19. Rb1 Nf6 20. Bd3 Bb5 21. Na3 Be8
22. Bc2 Bf7 23. Qd2 Ne4 24. Bxe4 fxe4 25. b4 cxb4 26. Rxb4 g5 27. Rc4 Bg6 28.
Nc2 g4 29. hxg4 Qh4 30. Nd4 Qxg4 31. Ne6 Be5 32. f4 Bf6 33. Nxd8 Rxd8 34. f5
Bh5 35. Rf4 Qg5 36. Rcxe4 Be5 37. Qf2 Kh8 38. Qh4 Bxf4 39. Rxf4 Qxh4 40. Rxh4
Bf7 41. Rc4 Kg7 42. Kf2 Kf6 43. e4 Re8 44. Kf3 Rg8 45. Rc7 Rg7 46. Kf2 Rg4 47.
Nc4 Bh5 48. Rxh7 Rxe4 49. Nxd6 Re2+ 50. Kf1 Bg4 51. Rh4 Rd2 52. Ne4+ 1-0

[Event "SIB - CMS 52nd National Premier & Zone 3.7 Chess C"]
[Site "CMS College, Kottayam"]
[Date "2014.12.05"]
[Round "1"]
[Board "3"]
[White "Deepan, Chakkravarthy J."]
[Black "Sengupta, Deep"]
[Result "1/2-1/2"]
[WhiteElo "2489"]
[BlackElo "2566"]
[PlyCount "155"]
[EventDate "2014.12.05"]
[EventRounds "13"]
[EventCountry "IND"]

1. e4 e5 2. Nf3 Nc6 3. Bb5 a6 4. Ba4 Nf6 5. O-O Be7 6. d3 b5 7. Bb3 O-O 8. Bd5
Bd6 9. Bg5 Rb8 10. Nbd2 h6 11. Bh4 Re8 12. c3 Bb7 13. a4 g5 14. axb5 axb5 15.
Bxc6 dxc6 16. Bg3 c5 17. Re1 Nh5 18. Nf1 Nf4 19. Qc2 Bf8 20. Rad1 Qd7 21. d4
cxd4 22. cxd4 exd4 23. Bxf4 gxf4 24. Rxd4 Qc6 25. Qd2 Bc5 26. Qxf4 Bxd4 27.
Nxd4 Qd6 28. e5 Qg6 29. g4 Bc8 30. h3 c5 31. Nf3 Rb6 32. Nh4 Qg5 33. Qg3 c4 34.
f4 Qd8 35. Ne3 Qd4 36. Qf2 Bb7 37. Nhf5 Qe4 38. Kh2 Qf3 39. Qxf3 Bxf3 40. Nd6
Re6 41. Kg3 Rbxd6 42. exd6 Bc6 43. Kf2 Rxd6 44. Nf5 Rd2+ 45. Re2 Rxe2+ 46. Kxe2
Bd7 47. Ne3 h5 48. Kd2 hxg4 49. hxg4 Kf8 50. Kc3 Ke7 51. Kd4 Kd6 52. g5 Be6 53.
Nc2 Bc8 54. Na3 Bd7 55. f5 Be8 56. Nb1 Bd7 57. Nc3 Bxf5 58. Nxb5+ Ke6 59. Nc7+
Kd6 60. Ne8+ Ke7 61. Ke5 Bg6 62. Nd6 Bd3 63. Nf5+ Kf8 64. Kf6 Bc2 65. Nh6 Bb3
66. Ng4 Ba2 67. Ne5 Bb3 68. Nc6 Ba2 69. Nd4 Kg8 70. Nf5 Kf8 71. Ke5 Bb1 72. Nd6
Kg7 73. Nxc4 Kg6 74. Nd2 Bc2 75. Ne4 Bxe4 76. Kxe4 Kxg5 77. b4 f5+ 78. Kf3
 1/2-1/2

[Event "SIB - CMS 52nd National Premier & Zone 3.7 Chess C"]
[Site "CMS College, Kottayam"]
[Date "2014.12.05"]
[Round "1"]
[Board "4"]
[White "Shyam, Nikil P."]
[Black "Sethuraman, S.P."]
[Result "1/2-1/2"]
[WhiteElo "2454"]
[BlackElo "2622"]
[PlyCount "102"]
[EventDate "2014.12.05"]
[EventRounds "13"]
[EventCountry "IND"]

1. e4 e6 2. d4 d5 3. Nc3 Nf6 4. Bg5 Bb4 5. Nge2 dxe4 6. a3 Be7 7. g3 Nc6 8. Bg2
h6 9. Be3 e5 10. dxe5 Nxe5 11. Qxd8+ Bxd8 12. Nxe4 O-O 13. Nd2 Re8 14. h3 c6
15. O-O-O Bc7 16. Rde1 Be6 17. Bd4 Bd5 18. Bxd5 Nxd5 19. Nc3 Nb6 20. f4 Nec4
21. Nf3 f6 22. Bf2 Kf7 23. a4 Bd6 24. Rxe8 Rxe8 25. Re1 Rxe1+ 26. Bxe1 Bb4 27.
b3 Nd6 28. g4 Bxc3 29. Bxc3 Nd5 30. Bd2 Ne4 31. f5 Nf2 32. Ng1 h5 33. gxh5 a6
34. h6 gxh6 35. Bxh6 Ne7 36. Kd2 Nxf5 37. Be3 Ne4+ 38. Kd3 Ned6 39. Bf4 Ke6 40.
Nf3 c5 41. a5 Ne7 42. Be3 Nd5 43. Bd2 b5 44. axb6 Nxb6 45. c4 Nd7 46. Be3 Nb7
47. Nd2 Kf5 48. Nf1 Na5 49. Nd2 Nb7 50. Nf1 Na5 51. Nd2 Nb7 1/2-1/2

[Event "SIB - CMS 52nd National Premier & Zone 3.7 Chess C"]
[Site "CMS College, Kottayam"]
[Date "2014.12.05"]
[Round "1"]
[Board "5"]
[White "Karthikeyan, P."]
[Black "Swayams, Mishra"]
[Result "1-0"]
[WhiteElo "2400"]
[BlackElo "2491"]
[PlyCount "63"]
[EventDate "2014.12.05"]
[EventRounds "13"]
[EventCountry "IND"]

1. e4 e6 2. d4 d5 3. Nc3 Nf6 4. e5 Nfd7 5. f4 c5 6. Nf3 Nc6 7. Be3 Be7 8. Qd2
O-O 9. dxc5 Bxc5 10. O-O-O Qb6 11. Bg1 Bxg1 12. Rxg1 Nc5 13. Qe1 Bd7 14. Kb1
Rac8 15. Bd3 Nxd3 16. Rxd3 Nb4 17. Rd4 Rc7 18. f5 Rfc8 19. Qh4 Nd3 20. Rxd3
Rxc3 21. Rxc3 Rxc3 22. Rd1 Rc8 23. f6 Qc5 24. Nd4 g6 25. Rd3 b5 26. Rc3 Qf8 27.
Rh3 h5 28. g4 Qh6 29. gxh5 Qd2 30. a3 g5 31. Rg3 Kf8 32. Rxg5 1-0

[Event "SIB - CMS 52nd National Premier & Zone 3.7 Chess C"]
[Site "CMS College, Kottayam"]
[Date "2014.12.05"]
[Round "1"]
[Board "6"]
[White "Grover, Sahaj"]
[Black "Laxman, R.R."]
[Result "1-0"]
[WhiteElo "2505"]
[BlackElo "2408"]
[PlyCount "83"]
[EventDate "2014.12.05"]
[EventRounds "13"]
[EventCountry "IND"]

1. e4 e5 2. Nf3 Nc6 3. Bb5 Nf6 4. d3 d6 5. O-O Be7 6. c3 O-O 7. Re1 Bd7 8. a4
Kh8 9. a5 Ng8 10. a6 b6 11. d4 Nxd4 12. Nxd4 exd4 13. Bxd7 Qxd7 14. cxd4 d5 15.
e5 c5 16. Nc3 Rfd8 17. Bf4 Rac8 18. Qa4 Qf5 19. dxc5 Rxc5 20. Bg3 Rc4 21. Qa2
Rc5 22. Qb3 h5 23. h3 h4 24. Bh2 Nh6 25. Rad1 Qe6 26. Ne2 Rc4 27. Nf4 Qf5 28.
Rxd5 Rxf4 29. Rxd8+ Bxd8 30. Bxf4 Qxf4 31. Qd5 Be7 32. Qa8+ Ng8 33. Qxa7 Bc5
34. Rf1 Qa4 35. b4 Bd4 36. b5 Bxe5 37. Qxf7 Nf6 38. a7 Kh7 39. Qb7 Qf4 40. Re1
Qd2 41. Rb1 Qd3 42. Rf1 1-0

[Event "SIB - CMS 52nd National Premier & Zone 3.7 Chess C"]
[Site "CMS College, Kottayam"]
[Date "2014.12.06"]
[Round "2"]
[Board "1"]
[White "Swayams, Mishra"]
[Black "Grover, Sahaj"]
[Result "1/2-1/2"]
[WhiteElo "2491"]
[BlackElo "2505"]
[PlyCount "69"]
[EventDate "2014.12.05"]
[EventRounds "13"]
[EventCountry "IND"]

1. Nf3 Nf6 2. c4 b6 3. g3 Bb7 4. Bg2 e6 5. O-O Be7 6. Nc3 O-O 7. Re1 Ne4 8.
Nxe4 Bxe4 9. d3 Bb7 10. e4 c5 11. d4 cxd4 12. Nxd4 a6 13. b3 Nc6 14. Bb2 Qc7
15. Rc1 Rfd8 16. Qg4 Bf8 17. Red1 Rac8 18. h4 Ne5 19. Qe2 d6 20. a4 Qb8 21. Bc3
Re8 22. Re1 Nd7 23. Qb2 Nc5 24. Rcd1 Qa8 25. f3 Qb8 26. Ne2 Bc6 27. Nd4 Bd7 28.
Kh2 e5 29. Nc2 b5 30. axb5 axb5 31. Bf1 Qb6 32. Ne3 Be6 33. cxb5 Bxb3 34. Ra1
Qb7 35. Bb4 1/2-1/2

[Event "SIB - CMS 52nd National Premier & Zone 3.7 Chess C"]
[Site "CMS College, Kottayam"]
[Date "2014.12.06"]
[Round "2"]
[Board "2"]
[White "Sethuraman, S.P."]
[Black "Karthikeyan, P."]
[Result "1/2-1/2"]
[WhiteElo "2622"]
[BlackElo "2400"]
[PlyCount "107"]
[EventDate "2014.12.05"]
[EventRounds "13"]
[EventCountry "IND"]

1. e4 e5 2. Nf3 Nc6 3. Bb5 Nf6 4. d3 Bc5 5. Bxc6 dxc6 6. Nbd2 Be6 7. O-O Nd7 8.
Nb3 Bb6 9. Ng5 Bxb3 10. axb3 Qe7 11. Kh1 f6 12. Nf3 Nc5 13. Nh4 Ne6 14. Qg4
O-O-O 15. f4 exf4 16. Bxf4 Qd7 17. Bg3 a6 18. b4 Kb8 19. Rae1 Rhf8 20. c3 g5
21. Nf3 h5 22. Qxh5 Qxd3 23. Qg4 Qc4 24. h3 c5 25. b5 axb5 26. Qf5 Rde8 27. Nh2
Ng7 28. Qg6 Qf7 29. Qxf7 Rxf7 30. Ng4 Nh5 31. Bh2 Rfe7 32. e5 fxe5 33. Rxe5 c4
34. Rfe1 Bc5 35. Rxe7 Rxe7 36. Ne5 Kc8 37. Ra1 Kb8 38. g4 Nf4 39. Bxf4 gxf4 40.
Re1 Bd6 41. Nf3 Rxe1+ 42. Nxe1 b4 43. Nf3 bxc3 44. bxc3 Ba3 45. Nd2 Bb2 46. Ne4
b5 47. g5 b4 48. g6 bxc3 49. g7 c2 50. g8=Q+ Ka7 51. Qg1+ Kb8 52. Qg8+ Ka7 53.
Qg1+ Kb8 54. Qg8+ 1/2-1/2

[Event "SIB - CMS 52nd National Premier & Zone 3.7 Chess C"]
[Site "CMS College, Kottayam"]
[Date "2014.12.06"]
[Round "2"]
[Board "3"]
[White "Sengupta, Deep"]
[Black "Shyam, Nikil P."]
[Result "1-0"]
[WhiteElo "2566"]
[BlackElo "2454"]
[PlyCount "89"]
[EventDate "2014.12.05"]
[EventRounds "13"]
[EventCountry "IND"]

1. e4 c5 2. Nf3 e6 3. d4 cxd4 4. Nxd4 a6 5. Bd3 Bc5 6. Nb3 Ba7 7. Qe2 d6 8. Nc3
Nc6 9. f4 Nge7 10. Be3 b5 11. O-O O-O 12. Kh1 b4 13. Nd1 a5 14. a3 Bd7 15. Qh5
a4 16. Nd2 Qb8 17. Rf3 f5 18. Bxa7 Rxa7 19. Ne3 g6 20. Qh4 bxa3 21. bxa3 Qb2
22. Re1 Qg7 23. exf5 gxf5 24. Qf2 Ng6 25. Nec4 Qe7 26. Nb6 d5 27. Nxd5 Qd6 28.
Nb6 Nd4 29. Nbc4 Qc5 30. Rg3 Nb3 31. Qe2 Nxd2 32. Qxd2 Rd8 33. Ne5 Be8 34. Qe2
Re7 35. Nxg6 Bxg6 36. Re3 Bf7 37. Qf2 Qxa3 38. Bxf5 Qb2 39. Bxh7+ Kf8 40. f5
Qf6 41. Qg3 e5 42. Bg6 Bc4 43. h3 Rd5 44. Re4 Rc5 45. Qa3 1-0

[Event "SIB - CMS 52nd National Premier & Zone 3.7 Chess C"]
[Site "CMS College, Kottayam"]
[Date "2014.12.06"]
[Round "2"]
[Board "4"]
[White "Girinath, P.D.S."]
[Black "Deepan, Chakkravarthy J."]
[Result "0-1"]
[WhiteElo "2333"]
[BlackElo "2489"]
[PlyCount "54"]
[EventDate "2014.12.05"]
[EventRounds "13"]
[EventCountry "IND"]

1. e4 e6 2. Nf3 d5 3. Nc3 d4 4. Ne2 c5 5. Ng3 Nc6 6. Bb5 Nge7 7. Ne5 Qc7 8.
Nxc6 Nxc6 9. O-O Bd7 10. f4 a6 11. Bxc6 Bxc6 12. d3 h5 13. Nxh5 O-O-O 14. Ng3
Kb8 15. Bd2 f5 16. Qe2 g6 17. Rae1 Bd6 18. Qf2 Ka8 19. h3 Rdg8 20. c3 g5 21. e5
Be7 22. cxd4 g4 23. h4 Bxh4 24. Rc1 Qd8 25. Rxc5 Bxg3 26. Qxg3 Rh3 27. gxh3
gxh3 0-1

[Event "SIB - CMS 52nd National Premier & Zone 3.7 Chess C"]
[Site "CMS College, Kottayam"]
[Date "2014.12.06"]
[Round "2"]
[Board "5"]
[White "Lalith, Babu M.R."]
[Black "Rajesh, V A V"]
[Result "1-0"]
[WhiteElo "2547"]
[BlackElo "2408"]
[PlyCount "129"]
[EventDate "2014.12.05"]
[EventRounds "13"]
[EventCountry "IND"]

1. d4 Nf6 2. c4 g6 3. Nc3 d5 4. cxd5 Nxd5 5. Bd2 Bg7 6. e4 Nb6 7. Be3 O-O 8. h3
e5 9. dxe5 Bxe5 10. Qc2 Nc6 11. Nf3 Bg7 12. Bc5 Re8 13. Rd1 Qf6 14. Be2 Be6 15.
O-O Rad8 16. Nb5 Rc8 17. Nfd4 Bd7 18. f4 Nxd4 19. Nxd4 Bf8 20. e5 Qg7 21. Bf3
c6 22. Nb3 Bf5 23. Qf2 f6 24. Bxf8 Rxf8 25. exf6 Rxf6 26. Nc5 Rcf8 27. a4 Bc8
28. a5 Nc4 29. b3 Nxa5 30. Qa2 b6 31. Ne4 Be6 32. Nxf6+ Qxf6 33. Rd3 Qf5 34.
Qe2 Nxb3 35. Bg4 Qc5+ 36. Kh1 Bxg4 37. Qxg4 Qc4 38. Rfd1 Nc5 39. Rd8 Ne6 40.
Rxf8+ Nxf8 41. Re1 a5 42. Qg5 a4 43. f5 Qc5 44. Qf4 Qxf5 45. Qxa4 b5 46. Qa2+
Qf7 47. Qc2 Qd5 48. Rd1 Qc4 49. Qf2 Qe6 50. Re1 Qf7 51. Qc5 Qd5 52. Qxd5+ cxd5
53. Rd1 Kf7 54. Rxd5 h5 55. Rxb5 Ne6 56. Kh2 Kf6 57. Kg3 Nd4 58. Ra5 g5 59.
Ra6+ Ke5 60. Kf2 Ne6 61. Ra5+ Kf6 62. Kf3 Kg6 63. Ke4 h4 64. Ra6 Kf7 65. Kf5
 1-0

[Event "SIB - CMS 52nd National Premier & Zone 3.7 Chess C"]
[Site "CMS College, Kottayam"]
[Date "2014.12.06"]
[Round "2"]
[Board "6"]
[White "Kunte, Abhijit"]
[Black "Vidit, Santosh Gujrathi"]
[Result "1/2-1/2"]
[WhiteElo "2480"]
[BlackElo "2625"]
[PlyCount "51"]
[EventDate "2014.12.05"]
[EventRounds "13"]
[EventCountry "IND"]

1. d4 Nf6 2. c4 g6 3. g3 Bg7 4. Bg2 c5 5. Nf3 cxd4 6. Nxd4 O-O 7. O-O Nc6 8.
Nc3 Qa5 9. Nb3 Qh5 10. e4 d6 11. Qxh5 Nxh5 12. Nd5 Be6 13. Rb1 Rac8 14. Be3 b6
15. Nc1 Nf6 16. Nd3 Rfe8 17. h3 Bd7 18. Nxf6+ Bxf6 19. b3 Nd4 20. Nf4 Bg7 21.
a4 Nc2 22. Bd2 Nd4 23. Be3 Nc2 24. Bd2 Nd4 25. Be3 Nc2 26. Bd2 1/2-1/2

[Event "SIB - CMS 52nd National Premier & Zone 3.7 Chess C"]
[Site "CMS College, Kottayam"]
[Date "2014.12.07"]
[Round "3"]
[Board "1"]
[White "Rajesh, V A V"]
[Black "Kunte, Abhijit"]
[Result "1/2-1/2"]
[WhiteElo "2408"]
[BlackElo "2480"]
[PlyCount "0"]
[EventDate "2014.12.05"]
[EventRounds "13"]
[EventCountry "IND"]

1. d4 e6 2. c4 Nf6 3. Nf3 Bb4+ 4. Bd2 a5 5. Nc3 b6 6. g3 Bb7 7. Bg2 O-O 8. O-O
d6 9. Rc1 Nbd7 10. Bg5 Bxc3 11. Rxc3 h6 12. Bxf6 Nxf6 13. Qc1 c5 14. Rd1 Qc7
15. Ne1 Bxg2 16. Nxg2 cxd4 17. Rxd4 Qc5 18. Rd1 b5 19. Nf4 b4 20. Nd3 Qc6 21.
Rc2 Rac8 22. Qe3 Rfd8 23. Rdc1 Qa4 24. b3 Qc6 25. f3 Qb7 26. Qd4 e5 27. Qe3 Rc6
28. Rd2 Re8 29. Rcd1 d5 30. Nb2 d4 31. Qd3 Qa7 32. Na4 Rcc8 33. Kg2 Rcd8 34.
Qf5 e4 35. Nc5 exf3+ 1/2-1/2

[Event "SIB - CMS 52nd National Premier & Zone 3.7 Chess C"]
[Site "CMS College, Kottayam"]
[Date "2014.12.07"]
[Round "3"]
[Board "2"]
[White "Deepan, Chakkravarthy J."]
[Black "Lalith, Babu M.R."]
[Result "1/2-1/2"]
[WhiteElo "2489"]
[BlackElo "2547"]
[PlyCount "0"]
[EventDate "2014.12.05"]
[EventRounds "13"]
[EventCountry "IND"]

1. e4 c6 2. d4 d5 3. e5 Bf5 4. h4 h5 5. c4 e6 6. Nc3 dxc4 7. Bxc4 Nd7 8. Nge2
b5 9. Bd3 Ne7 10. Ne4 Nd5 11. a3 Be7 12. Bd2 Rc8 13. Rc1 Bxe4 14. Bxe4 N7b6 15.
Ba5 Qd7 16. Bd3 a6 17. Ng3 c5 18. dxc5 Bxc5 19. Ne4 Be7 20. Rxc8+ Qxc8 21. O-O
Nc4 22. Qc2 O-O 23. Rc1 Qb8 24. Bxc4 bxc4 25. Nd6 Bxd6 26. exd6 Qb5 27. Bc7 c3
28. bxc3 Qc4 29. Qd2 Nxc7 30. dxc7 Qxc7 31. c4 Qc5 32. Qb4 Rc8 33. g3 Kf8 34.
Kf1 Ke8 35. Kg1 Kf8 36. Kf1 Ke8 37. Kg1 1/2-1/2

[Event "SIB - CMS 52nd National Premier & Zone 3.7 Chess C"]
[Site "CMS College, Kottayam"]
[Date "2014.12.07"]
[Round "3"]
[Board "3"]
[White "Shyam, Nikil P."]
[Black "Girinath, P.D.S."]
[Result "1/2-1/2"]
[WhiteElo "2454"]
[BlackElo "2333"]
[PlyCount "0"]
[EventDate "2014.12.05"]
[EventRounds "13"]
[EventCountry "IND"]

1. d4 Nf6 2. Nf3 g6 3. g3 Bg7 4. Bg2 O-O 5. O-O d6 6. Nbd2 Nc6 7. Nc4 Nd7 8. e4
e5 9. Bg5 Qe8 10. Be3 Qe7 11. c3 Nf6 12. Qc2 exd4 13. Nxd4 Ng4 14. Nxc6 bxc6
15. Rfe1 Nxe3 16. Nxe3 Rb8 17. Rab1 Qe5 18. h3 Be6 19. Ra1 Qc5 20. Kh2 Rb6 21.
Nd1 f5 22. exf5 Bxf5 23. Qd2 d5 24. Rc1 Rbb8 25. Ne3 Bd7 26. b4 Qd6 27. Nc2 Rf7
 1/2-1/2

[Event "SIB - CMS 52nd National Premier & Zone 3.7 Chess C"]
[Site "CMS College, Kottayam"]
[Date "2014.12.07"]
[Round "3"]
[Board "4"]
[White "Karthikeyan, P."]
[Black "Sengupta, Deep"]
[Result "1/2-1/2"]
[WhiteElo "2400"]
[BlackElo "2566"]
[PlyCount "0"]
[EventDate "2014.12.05"]
[EventRounds "13"]
[EventCountry "IND"]

1. d4 d5 2. c4 e6 3. Nc3 Nf6 4. cxd5 exd5 5. Bg5 Be7 6. e3 c6 7. Bd3 Nbd7 8.
Nge2 h6 9. Bf4 a6 10. h3 Nf8 11. Qc2 Ne6 12. Be5 O-O 13. O-O-O b5 14. g4 Nd7
15. Bg3 b4 16. Na4 c5 17. dxc5 Ndxc5 18. Nxc5 Nxc5 19. Nd4 Bd7 20. Kb1 Qb6 21.
Qe2 Bf6 22. Bf5 Ne6 23. Qd2 Rfd8 24. h4 Rac8 25. Nb3 a5 26. g5 a4 27. Nd4 Bxd4
28. exd4 Nxg5 29. Bd3 Ne4 30. Bxe4 dxe4 31. Rhg1 Bf5 32. Qe3 Rc3 33. Qf4 Rf3
34. Qe5 f6 35. Qe7 Rd7 36. Qe8+ Kh7 37. Ka1 a3 38. b3 Qc6 39. Rc1 Rc3 40. Bf4
Rc2 41. Rxg7+ Rxg7 42. Qxc6 Rxc6 43. Rxc6 Rg4 44. Be3 Rxh4 45. Kb1 Rh1+ 46. Rc1
Rxc1+ 47. Kxc1 h5 48. Kd1 Be6 49. Bd2 f5 50. Bxb4 Kg6 51. Ke2 h4 52. Bxa3 f4
53. Bc1 Kg5 54. Kf1 Kg4 55. Kg1 Kf3 56. Kh2 e3 57. fxe3 fxe3 58. d5 Bc8 59. a4
Ke4 60. a5 e2 61. Bd2 Kxd5 62. Be1 h3 63. a6 Bxa6 1/2-1/2

[Event "SIB - CMS 52nd National Premier & Zone 3.7 Chess C"]
[Site "CMS College, Kottayam"]
[Date "2014.12.07"]
[Round "3"]
[Board "5"]
[White "Grover, Sahaj"]
[Black "Sethuraman, S.P."]
[Result "0-1"]
[WhiteElo "2505"]
[BlackElo "2622"]
[PlyCount "0"]
[EventDate "2014.12.05"]
[EventRounds "13"]
[EventCountry "IND"]

1. e4 e5 2. Nf3 Nc6 3. Bb5 a6 4. Ba4 Nf6 5. O-O Be7 6. Qe2 b5 7. Bb3 O-O 8. c3
d5 9. d3 Bb7 10. Nbd2 Re8 11. Re1 Bf8 12. a3 h6 13. exd5 Na5 14. Ba2 Bxd5 15.
Bb1 c5 16. b4 Nc6 17. Ne4 Nxe4 18. dxe4 Bc4 19. Qe3 a5 20. bxc5 a4 21. Nd2 Na5
22. Bc2 Qc7 23. Rb1 Bxc5 24. Qg3 Qc6 25. Nf3 Qf6 26. Nh4 Nb3 27. Bb2 Rad8 28.
Rbd1 Na5 29. Nf5 Bb3 30. Bxb3 axb3 31. c4 bxc4 32. Rxd8 Rxd8 33. Bxe5 Qg5 34.
Bxg7 Qxg3 35. hxg3 Rd2 36. Rf1 b2 37. Kh2 Rxf2 38. Rb1 Rxf5 39. exf5 Kxg7 40.
Rxb2 c3 41. Rb5 Be3 0-1

[Event "SIB - CMS 52nd National Premier & Zone 3.7 Chess C"]
[Site "CMS College, Kottayam"]
[Date "2014.12.07"]
[Round "3"]
[Board "6"]
[White "Laxman, R.R."]
[Black "Swayams, Mishra"]
[Result "1-0"]
[WhiteElo "2408"]
[BlackElo "2491"]
[PlyCount "0"]
[EventDate "2014.12.05"]
[EventRounds "13"]
[EventCountry "IND"]

1. d4 Nf6 2. c4 e6 3. Nf3 b6 4. g3 Bb7 5. Bg2 Bb4+ 6. Bd2 Bxd2+ 7. Qxd2 O-O 8.
Nc3 d6 9. O-O Ne4 10. Nxe4 Bxe4 11. Rac1 Nd7 12. Rfd1 Qe7 13. Bh3 Rae8 14. Qc3
f5 15. d5 Bxf3 16. exf3 e5 17. b4 g6 18. Re1 Qg7 19. Bf1 Ra8 20. a3 a5 21. c5
axb4 22. axb4 bxc5 23. Bb5 Rfb8 24. Bxd7 Qxd7 25. bxc5 Rb5 26. cxd6 cxd6 27.
Red1 Rc5 28. Qb4 Rac8 29. Rxc5 Rxc5 30. f4 e4 31. Ra1 Qc8 32. Kg2 Qd8 33. Ra7
Rc7 34. Qa5 Rc8 35. Qa6 Rb8 36. Qc6 Qf6 37. Qc7 Re8 38. Qxh7+ Kf8 39. h4 e3 40.
Qh6+ Kg8 41. fxe3 Rb8 42. Kh3 Rc8 43. h5 Re8 44. Qh7+ Kf8 45. hxg6 1-0

[Event "SIB - CMS 52nd National Premier & Zone 3.7 Chess C"]
[Site "CMS College, Kottayam"]
[Date "2014.12.08"]
[Round "4"]
[Board "1"]
[White "Sethuraman, S.P."]
[Black "Laxman, R.R."]
[Result "1-0"]
[WhiteElo "2622"]
[BlackElo "2408"]
[PlyCount "0"]
[EventDate "2014.12.05"]
[EventRounds "13"]
[EventCountry "IND"]

1. d4 Nf6 2. c4 e6 3. Nc3 Bb4 4. Qc2 O-O 5. Nf3 d6 6. Bd2 Re8 7. a3 Bxc3 8.
Bxc3 d5 9. e3 c6 10. Bd3 b6 11. Ne5 Bb7 12. f3 Nbd7 13. O-O-O Nf8 14. Kb1 N6d7
15. h4 f6 16. Nxd7 Qxd7 17. Bb4 f5 18. g4 a5 19. Bxf8 Rxf8 20. Rhg1 Ba6 21.
gxf5 exf5 22. Rg5 g6 23. h5 dxc4 24. Be2 Kg7 25. hxg6 h6 26. Rh5 Rf6 27. e4
Raf8 28. Rdh1 Rxg6 29. exf5 Rgf6 30. Qc1 Qd6 31. Rg1+ Kh7 32. Qg5 Qd7 33. Bd1
Qf7 34. Rgh1 Qg7 35. Qf4 Bc8 36. Bc2 Kg8 37. R1h4 Rg6 38. fxg6 Rxf4 39. Rxf4
Be6 40. Re5 Qc7 41. Rfe4 Bd7 42. Re7 Qd6 43. Rf7 c5 44. Ree7 Bc6 45. g7 1-0

[Event "SIB - CMS 52nd National Premier & Zone 3.7 Chess C"]
[Site "CMS College, Kottayam"]
[Date "2014.12.08"]
[Round "4"]
[Board "2"]
[White "Sengupta, Deep"]
[Black "Grover, Sahaj"]
[Result "1-0"]
[WhiteElo "2566"]
[BlackElo "2505"]
[PlyCount "0"]
[EventDate "2014.12.05"]
[EventRounds "13"]
[EventCountry "IND"]

1. e4 c5 2. Nf3 d6 3. d4 Nf6 4. Nc3 cxd4 5. Nxd4 a6 6. Bg5 e6 7. f4 h6 8. Bh4
Qb6 9. Qd3 Qxb2 10. Rb1 Qa3 11. f5 Be7 12. fxe6 Bxe6 13. Nxe6 fxe6 14. e5 dxe5
15. Bxf6 gxf6 16. Be2 e4 17. Bh5+ Kf8 18. Qh3 Bb4 19. O-O Qxc3 20. Qxe6 1-0

[Event "SIB - CMS 52nd National Premier & Zone 3.7 Chess C"]
[Site "CMS College, Kottayam"]
[Date "2014.12.08"]
[Round "4"]
[Board "3"]
[White "Girinath, P.D.S."]
[Black "Karthikeyan, P."]
[Result "1/2-1/2"]
[WhiteElo "2333"]
[BlackElo "2400"]
[PlyCount "0"]
[EventDate "2014.12.05"]
[EventRounds "13"]
[EventCountry "IND"]

1. e4 c5 2. Nf3 d6 3. d4 cxd4 4. Qxd4 Nc6 5. Bb5 a6 6. Bxc6+ bxc6 7. c4 e5 8.
Qd3 Qc7 9. Nc3 h6 10. O-O Nf6 11. b3 Be7 12. Bb2 Be6 13. Rac1 O-O 14. Rfe1 Nd7
15. Ba3 Rfd8 16. Qe3 Bf8 17. Rcd1 Bg4 18. h3 Bh5 19. g4 Bg6 20. Nh4 d5 21. Bxf8
d4 22. Qf3 Nxf8 23. Ne2 Ne6 24. Nf5 Ng5 25. Qd3 a5 26. c5 Ne6 27. Qc4 Rab8 28.
a3 Rb5 29. b4 axb4 30. axb4 Rdb8 31. Rb1 Nxc5 32. Nc1 Kh7 33. Ra1 Ne6 34. Nd3
Ng5 35. Kg2 f6 36. Ra6 R5b6 37. Rxb6 Qxb6 38. h4 Bf7 39. Qc2 Ne6 40. Rc1 Qb5
41. Kh2 Rd8 42. Ra1 Bg6 43. Ra5 Qb7 44. Qa2 Bxf5 45. exf5 e4 46. fxe6 exd3 47.
Qd2 Qe7 48. Qxd3+ Kh8 49. Qe4 d3 50. Ra1 d2 51. Rd1 Rd6 52. Qe2 Qxe6 53. Qxe6
Rxe6 54. Rxd2 Re4 55. Rd8+ Kh7 56. Kg3 Rxb4 57. h5 Rb3+ 58. f3 c5 59. Rc8 Rc3
60. Kf4 Rc4+ 61. Ke3 Rc3+ 62. Ke2 1/2-1/2

[Event "SIB - CMS 52nd National Premier & Zone 3.7 Chess C"]
[Site "CMS College, Kottayam"]
[Date "2014.12.08"]
[Round "4"]
[Board "4"]
[White "Lalith, Babu M.R."]
[Black "Shyam, Nikil P."]
[Result "1-0"]
[WhiteElo "2547"]
[BlackElo "2454"]
[PlyCount "0"]
[EventDate "2014.12.05"]
[EventRounds "13"]
[EventCountry "IND"]

1. d4 Nf6 2. c4 g6 3. Nc3 d5 4. cxd5 Nxd5 5. e4 Nxc3 6. bxc3 Bg7 7. Qa4+ Nd7 8.
Nf3 O-O 9. Be2 c5 10. O-O cxd4 11. cxd4 Nc5 12. dxc5 Bxa1 13. e5 Qc7 14. Bf4
Bc3 15. Rc1 Qa5 16. Qc4 Bb2 17. Bd2 Qc7 18. Re1 Bxe5 19. Nxe5 Qxe5 20. Bc3 Qc7
21. Bf3 Bf5 22. g4 Bc8 23. h3 Re8 24. Be5 Qa5 25. Bc3 Qc7 26. Re5 a5 27. Bd5 e6
28. Qd4 Kf8 29. Qf4 f6 30. Qxf6+ Qf7 31. Qg5 Re7 32. Bg2 Ke8 33. Re3 e5 34.
Bxe5 Ra6 35. Bd6 Rxe3 36. Qxe3+ Qe6 37. Qc3 Qf7 38. Qe5+ 1-0

[Event "SIB - CMS 52nd National Premier & Zone 3.7 Chess C"]
[Site "CMS College, Kottayam"]
[Date "2014.12.08"]
[Round "4"]
[Board "5"]
[White "Kunte, Abhijit"]
[Black "Deepan, Chakkravarthy J."]
[Result "1/2-1/2"]
[WhiteElo "2480"]
[BlackElo "2489"]
[PlyCount "0"]
[EventDate "2014.12.05"]
[EventRounds "13"]
[EventCountry "IND"]

1. d4 e6 2. c4 f5 3. g3 Nf6 4. Bg2 Be7 5. Nf3 O-O 6. O-O d6 7. b3 Qe8 8. Bb2
Ne4 9. Nbd2 Nxd2 10. Qxd2 Nd7 11. Qc2 Nf6 12. Nd2 Qh5 13. Rae1 e5 14. dxe5 Ng4
15. h3 Nxe5 16. f4 Nc6 17. Nb1 Be6 18. Nc3 Bf6 19. Nd5 Bxd5 20. cxd5 Nb4 21.
Qd2 Bxb2 22. Qxb2 Rae8 23. Qd2 Na6 24. b4 Re7 25. a3 Nb8 26. Qc3 Rfe8 27. e3
Qg6 28. Kf2 Nd7 29. Qd4 Nf6 30. Bf3 a6 31. Re2 Ne4+ 32. Bxe4 Rxe4 33. Qd3 h5
34. Rg1 Qf6 35. Rc1 R8e7 36. Rg1 Re8 37. Rc1 R8e7 38. Qc3 Qf7 1/2-1/2